| 000 | 01164cac a2200373 i 4500 | ||
|---|---|---|---|
| 003 | EG-GICUC | ||
| 005 | 20260121101533.0 | ||
| 008 | 771122s1994 -uk frb 001 0 eng d | ||
| 020 | _a0712108602 | ||
| 020 | _a9780712108607 | ||
| 040 |
_aDLC _cDLC _dDLC _dEG-GICUC _beng _erda |
||
| 043 | _ae-uk--- | ||
| 050 | 0 | 0 |
_aKD7869.3 _b.C87 1977 |
| 082 | 0 | 0 |
_a343.1 _221 |
| 092 | 0 | 4 | _221 |
| 099 | _aLaw 10 1994 | ||
| 100 | 1 |
_aCurzon, L. B. _q(Leslie Basil) |
|
| 245 | 1 | 0 |
_aCriminal law / _c[by] L. B. Curzon. |
| 250 | _a7th edition. | ||
| 264 |
_aUK : _bLongman Group, _c1994. |
||
| 300 |
_axxxiv, 362 page ; _c19 cm. _billustrations, |
||
| 336 |
_atext _btxt _2rdacontent |
||
| 337 |
_aunmediated _bn _2rdamedia |
||
| 338 |
_avolume _bnc _2rdacarrier |
||
| 490 | 0 | _aM. & E. handbook series | |
| 500 | _aIncludes index. | ||
| 504 | _aBibliography: pages 200-250. | ||
| 650 | 0 |
_aCriminal law _zGreat Britain _vOutlines, syllabi, etc. _2qrmak |
|
| 650 | 0 |
_aCriminal procedure _zGreat Britain _vOutlines, syllabi, etc. _2qrmak |
|
| 651 | 1 | _2qrmak | |
| 856 | 4 | 0 | _uhttps://fll.law.cu.edu.eg/fulltext/bks/ENGB10-00081.pdf |
| 905 | _a10 | ||
| 942 |
_2ddc _cBK _e21 _n0 |
||
| 999 |
_c52201 _d52201 |
||